| 000 | 01130cam a2200217 4500 | ||
|---|---|---|---|
| 001 | L108396 | ||
| 008 | 000000s2007 001 0 eng u | ||
| 020 | _a0754613755 | ||
| 035 | _a(Sirsi) u108396 | ||
| 050 | 0 | 4 | _a711.52 $2 18 |
| 100 | _aMcCarthy, John | ||
| 245 | _aPartnership, collaborative planning and urban regeneration | ||
| 260 |
_aAldershot _bAshgate _c2007 |
||
| 300 |
_avii, 154p. _c24cm. |
||
| 505 | 2 | _aTheoretical frameworks -- Urban regeneration policy in England -- Urban regeneration policy in Scotland -- The city and its region -- Property-led approaches -- Whitfield: a peripheral estate -- Holistic regeneration approaches | |
| 520 | _aDiscusses theories of urban regeneration, such as public-private partnerships, growth coalitions and local spatial alliances, in terms of their application to practice. Discusses urban problems and decline, local and global aspects, the property industry, holistic approaches to regeneration, and how cities cope with long term restructuring. | ||
| 590 | _aKA | ||
| 651 | 4 |
_aUnited Kingdom _y |
|
| 690 | _aPROPERTY-PROPERTY MANAGEMENT-REGENERATION | ||
| 942 | _n0 | ||
| 999 |
_c100783 _d100783 |
||